• 首页
  • 本馆介绍
  • 公告通知
  • 最新文献
  • 馆藏检索
  • 电子资源
  • 读者导购
  • 参考咨询
  • 我的图书馆
  • 登录
  • 详细信息显示
  • 放入我的书架
  • 预约/预借图书
  • 作者相关作品
  • 分类相关作品
  • 丛书相关作品
  • 出版社相关作品

书目信息

  • 表格格式
  • 工作单格式
  • 卡片格式
题名:
苹果、梨无公害保鲜加工技术
    
 
作者: 王淑贞 主编
分册:  
出版信息: 北京   中国农业出版社  2008
页数: 274页
开本: 18cm
丛书名: 建设社会主义新农村书系
单 册:
中图分类: S661.09
科图分类:
主题词: 苹果--食品保鲜--无污染技术 , 梨--食品保鲜--无污染技术
电子资源:
ISBN: 978-7-109-12128-7
000 00812oam2 2200241 45
005 20100303150834.98
010    @a978-7-109-12128-7@dCNY13.60
100    @a20100121d2008 ekmy0chiy0120 ea
101 0  @achi
102    @aCN@b110000
105    @aa z 000yy
106    @ar
200 1  @a苹果、梨无公害保鲜加工技术@APing Guo、 Li Wu Gong Hai Bao Xian Jia Gong Ji Shu@f王淑贞主编@FWang Shu Zhen Zhu Bian
210    @a北京@c中国农业出版社@c农村读物出版社@d2008
215    @a274页@c图@d18cm
225 2  @a建设社会主义新农村书系@i种植业篇
461  0 @12001 @a建设社会主义新农村书系@i种植业篇
606 0  @a苹果@x食品保鲜@x无污染技术
606 0  @a梨@x食品保鲜@x无污染技术
690    @aS661.09@v4
701  0 @a王淑贞@AWang Shu Zhen@4主编
801  0 @aCN@bTANGWEI@c20100303
905    @b0585192-94@dS661.09@e183@f3
    
    苹果、梨无公害保鲜加工技术/王淑贞主编.-北京:中国农业出版社:农村读物出版社,2008
    274页:图;18cm.-(建设社会主义新农村书系.种植业篇)
    
    
    ISBN 978-7-109-12128-7:CNY13.60
    
●
相关链接 在E读中查询图书 在五车中查询图书 在当当中查询图书 在豆瓣中查询图书


正题名:苹果、梨无公害保鲜加工技术     索取号:S661.09/183         预约/预借

序号 登录号 条形码 馆藏地/架位号 状态 备注
1 0585192   205851924   第二样本阅览室/ [索取号:S661.09/183] 在馆    
2 0585193   205851933   密集书库-生命科学系/ [索取号:S661.09/183] 在馆    
3 0585194   205851942   第三借阅区/ [索取号:S661.09/183] 在馆    
唐山师范学院图书馆 欢迎您!
大连网信软件有限公司© 版权所有